Les joueurs du PSG en Ligue des Champions 2024/25. - Statistiques

Statistiques générales
  • Ce quiz a été pris 77 fois
  • Le résultat moyen est 19 sur 22
Statistiques - réponses
Pays Ages Joueurs Minutes G+A Notes % Correct
Maroc 25 Achraf Hakimi 1540 9 7.55
100%
Brésil 30 Marquinhos 1440 0 7.32
100%
Portugal 22 Nuno Mendes 1449 6 7.38
100%
Portugal 19 Joao Neves 1436 2 7.36
97%
France 27 Ousmane Dembélé 1166 14 7.63
97%
Portugal 24 Vitinha 1449 4 7.50
97%
Equateur 22 Willian Pacho 1542 0 7.05
97%
France 21 Bradley Barcola 1096 7 7.13
94%
France 19 Désiré Doué 740 9 7.37
94%
Italie 25 Gianluigi Donnarumma 1380 0 7.10
94%
Portugal 23 Gonçalo Ramos 214 4 6.86
94%
Géorgie 23 Khvicha Kvaratskhelia 736 5 7.59
94%
Espagne 28 Fabian Ruiz 1151 5 7.17
92%
Russie 25 Matvey Safonov 180 0 7.10
92%
Corée du Sud 23 Kang-In Lee 462 0 7.08
90%
France 18 Senny Mayulu 45 2 6.88
86%
France 18 Warren Zaïre-Emery 604 1 6.83
86%
France 28 Lucas Hernandez 118 0 6.62
81%
Brésil 20 Lucas Beraldo 142 0 6.73
79%
France 28 Presnel Kimpembe 18 0 6.90
51%
Espagne 28 Marco Asensio 137 0 6.65
44%
France 25 Randal Kolo Muani 103 0 6.80
35%
Aucun quiz correspondant
Distribution des résultats
% des personnes avec chaque résultat
Percentile par nombre de réponses
Votre historique - résultats
Vous n’avez pas pris ce quiz